Ca s'est passé un 20 décembre - Statistiques

Statistiques générales
  • Ce quiz a été pris 14 fois
  • Le résultat moyen est 4 sur 10
Statistiques - réponses
Hint Réponse % Correct
Signe astrologique Sagittaire
82%
Fondation de cette association humanitaire en 1971 dont Bernard Kouchner a été cofondateur Médecins sans frontières
73%
Territoire retrocédé un 20 décembre à la Chine par le Portugal Macao
64%
Année où TF1 passe en couleur 1975
55%
Jour de l'année 354
36%
Ephémeride du jour, prénom de Gauthier ou Bourgeois Théophile
27%
Née le 20 décembre, héroine d'une sitcom des années 90 Helene Rolles
18%
Dicton du jour : "au 20 de Noel,les jours rallongent d'un pas d'_______ (oiseau) Hirondelle
18%
Footballeur français né le 20 décembre ayant évolué au PSG avant d'être recruté par le Real madrid Kilian Mbappé
9%
Invasion de ce pays par les USA en 1989 Panama
9%
Aucun quiz correspondant
Distribution des résultats
% des personnes avec chaque résultat
Percentile par nombre de réponses
Votre historique - résultats
Vous n’avez pas pris ce quiz